[Event "Muensterland Verbandsklasse 1314"]
[Site "Germany"]
[Date "2013.12.21"]
[Round "4.6"]
[White "Musholt, Joachim"]
[Black "Golubew, Eugen"]
[Result "1-0"]
[WhiteElo "1680"]
[BlackElo "1645"]
[PlyCount "35"]
[EventDate "2013.09.21"]
[EventType "team-tourn"]
[EventRounds "9"]
[EventCountry "GER"]
[SourceTitle "EXT 2015"]
[Source "ChessBase"]
[SourceDate "2014.11.20"]
[SourceVersion "1"]
[SourceVersionDate "2014.11.20"]
[SourceQuality "1"]
[WhiteTeam "Suedlohn II"]
[BlackTeam "Ahaus Wessum II"]
[WhiteTeamCountry "GER"]
[BlackTeamCountry "GER"]

1. e4 e6 2. d4 d5 3. Nc3 dxe4 4. Nxe4 Nf6 5. Nxf6+ Qxf6 6. Nf3 h6 7. Bd3 Be7 8. 0-0 0-0 9. Be3 Rd8 10. Ne5 Bd6 11. f4 Nc6 12. Qh5 Qe7 13. Rf3 f5 14. Rg3 Bxe5 15. fxe5 Kh8 16. Bxh6 gxh6 17. Qxh6+ Qh7 18. Qf6+ 1-0